Top 10 U.S. States by Percentage of Bachelor's Degree - Statistics

General Stats
  • This quiz has been taken 106 times
  • The average score is 7 of 10
Answer Stats
Rank % State % Correct
8 32.4 New York
89%
1 38.2 Massachusetts
82%
9 32.0 New Hampshire
74%
4 35.6 Connecticut
72%
2 37.3 Maryland
72%
7 33.1 Vermont
69%
5 34.5 New Jersey
65%
6 34.0 Virginia
54%
3 35.9 Colorado
42%
10 31.5 Minnesota
33%
No matching quizzes found
Score Distribution
Percent of People with Each Score
Percentile by Number Answered
Your Score History
You have not taken this quiz